UM Logo

A simple and reconfigurable wireless power transfer system with constant voltage and constant current charging / (Record no. 19139)

MARC details
000 -LEADER
fixed length control field 01042nam a22002537a 4500
003 - CONTROL NUMBER IDENTIFIER
control field OSt
005 - DATE AND TIME OF LATEST TRANSACTION
control field 20250911153134.0
008 - FIXED-LENGTH DATA ELEMENTS--GENERAL INFORMATION
fixed length control field 240214b ||||| |||| 00| 0 eng d
040 ## - CATALOGING SOURCE
Transcribing agency 0
082 ## - DEWEY DECIMAL CLASSIFICATION NUMBER
Classification number DPer 621.317 Ie21 May 2022 v. 37 n. 5
100 ## - MAIN ENTRY--PERSONAL NAME
Personal name Mao, Xingkui.
Relator term author.
9 (RLIN) 52328
245 ## - TITLE STATEMENT
Title A simple and reconfigurable wireless power transfer system with constant voltage and constant current charging /
Statement of responsibility, etc. Xingkui Mao, Jiayong Chen, Yiming Zhang, and Jiqing Dong.
260 ## - PUBLICATION, DISTRIBUTION, ETC. (IMPRINT)
Place of publication, distribution, etc. New York ;
Name of publisher, distributor, etc. The Institute of Electrical and Electronics Engineers, Inc. ,
Date of publication, distribution, etc. May 2022.
300 ## - PHYSICAL DESCRIPTION
Extent Volume 37, pages 4921-4925 :
Other physical details illustration ;
Dimensions 28 cm.
500 ## - GENERAL NOTE
General note IEEE Transactions on Power Electronics, vol. 37 no. 5, pages 4921-4925, May 2022.
650 #0 - SUBJECT ADDED ENTRY--TOPICAL TERM
Topical term or geographic name as entry element Prototypes.
9 (RLIN) 65923
650 #0 - SUBJECT ADDED ENTRY--TOPICAL TERM
Topical term or geographic name as entry element Topology.
9 (RLIN) 65877
650 #0 - SUBJECT ADDED ENTRY--TOPICAL TERM
Topical term or geographic name as entry element Switches.
9 (RLIN) 65864
700 ## - ADDED ENTRY--PERSONAL NAME
Personal name Mao, Xingkui.
Relator term author.
9 (RLIN) 52328
700 ## - ADDED ENTRY--PERSONAL NAME
Personal name Chen, Jiayong.
Relator term author.
9 (RLIN) 52329
700 ## - ADDED ENTRY--PERSONAL NAME
Personal name Zhang, Yiming.
Relator term author.
9 (RLIN) 52330
700 ## - ADDED ENTRY--PERSONAL NAME
Personal name Dong, Jiqing.
Relator term author.
9 (RLIN) 52331
942 ## - ADDED ENTRY ELEMENTS (KOHA)
Source of classification or shelving scheme Dewey Decimal Classification
Koha item type Periodicals
Holdings
Withdrawn status Lost status Source of classification or shelving scheme Damaged status Not for loan Collection code Home library Current library Date acquired Total Checkouts Full call number Date last seen Price effective from Koha item type Public note
    Dewey Decimal Classification     Periodicals UM Digos College - LIC UM Digos College - LIC 02/14/2024   DPer 621.317 Ie21 May 2022 v. 37 n. 5 02/14/2024 02/14/2024 Periodicals Periodical Article